Theoretical foundations of multimedia /
History and uses of multimedia. Light and sound, seeing and listening. Hardware that enables multimedia. Software that enables multimedia. Communication theory and developments underlying the use of multimedia...
Đã lưu trong:
| Príomhúdar: | |
|---|---|
| Formáid: | Leabhar |
| Teanga: | English |
| Foilsithe: |
New York :
Computer Science Press,
1998.
|
| Ábhair: | |
| Clibeanna: |
Cuir Clib Leis
Gan Chlibeanna, Bí ar an gcéad duine leis an taifead seo a chlibeáil!
|
| Thư viện lưu trữ: | Mạng thư viện Đại học Đà Nẵng |
|---|
| LEADER | 01071cam a2200337 i 4500 | ||
|---|---|---|---|
| 001 | 000048977 | ||
| 003 | 8704 | ||
| 005 | 20030327140956.0 | ||
| 008 | 010322|1998 vm 000 eng | ||
| 020 | |a 0716783215 | ||
| 040 | |a IRC |c IRC |d IRC | ||
| 041 | 0 | |a eng | |
| 082 | 1 | 4 | |a 006.7 |b TA-R |
| 100 | 1 | |a Tannenbaum, Robert S. |q (Robert Sher) | |
| 245 | 0 | 4 | |a Theoretical foundations of multimedia / |c Robert S. Tannenbaum. |
| 260 | |a New York : |b Computer Science Press, |c 1998. | ||
| 300 | |a 624 p. ; |c 25.5cm. | ||
| 520 | 3 | |a History and uses of multimedia. Light and sound, seeing and listening. Hardware that enables multimedia. Software that enables multimedia. Communication theory and developments underlying the use of multimedia... | |
| 630 | 0 | 4 | |a Computer. |
| 630 | 0 | 4 | |a Multimedia systems. |
| 650 | 0 | 4 | |a Multimedia systems. |
| OWN | |a DUT | ||
| 999 | |a From the UDN01 | ||
| TYP | |a Monograph | ||
| TYP | |a Printed language | ||
| 980 | |a Mạng thư viện Đại học Đà Nẵng | ||


